[Event "Krakow op-B 28th"]
[Site "Krakow"]
[Date "2018.01.03"]
[Round "8"]
[White "Riekenbrauk, Joerg"]
[Black "Kepowicz, Artur"]
[Result "1/2-1/2"]
[WhiteElo "1936"]
[BlackElo "1856"]
[PlyCount "86"]
[EventDate "2017.12.27"]
[EventType "swiss"]
[EventRounds "9"]
[EventCountry "POL"]
[SourceTitle "CBM 182 Extra"]
[Source "ChessBase"]
[SourceDate "2018.02.23"]
[SourceVersion "1"]
[SourceVersionDate "2018.02.23"]
[SourceQuality "1"]

1. e4 c5 2. d4 cxd4 3. c3 dxc3 4. Nxc3 Nc6 5. Nf3 a6 6. Bc4 e6 7. 0-0 Nge7 8. Bg5 h6 9. Be3 b5 10. Bb3 Ng6 11. Nd4 Be7 12. f4 0-0 13. Qh5 Nxd4 14. Bxd4 d6 15. Rad1 Qe8 16. Rd3 Kh7 17. Rg3 f5 18. exf5 Rxf5 19. Qf3 Rb8 20. Bc2 Bb7 21. Qe3 Qf7 22. Bxf5 Qxf5 23. Qd3 Qxd3 24. Rxd3 b4 25. Nd1 e5 26. fxe5 dxe5 27. Be3 Bc6 28. Rf2 Bb5 29. Rdd2 e4 30. Bd4 Bd3 31. Rf7 Rg8 32. Nf2 Bc4 33. Rxe7 Nxe7 34. b3 Bd3 35. Nxd3 exd3 36. Rxd3 Rd8 37. Rd2 Nc6 38. Be3 Rxd2 39. Bxd2 Kg6 40. Kf2 Kf5 41. Ke3 Ke5 42. Bc1 Kd5 43. Bb2 g6 1/2-1/2

[Event "Krakow op-B 28th"]
[Site "Krakow"]
[Date "2017.12.30"]
[Round "5"]
[White "Suder, Jakub"]
[Black "Riekenbrauk, Joerg"]
[Result "1/2-1/2"]
[WhiteElo "1768"]
[BlackElo "1936"]
[PlyCount "38"]
[EventDate "2017.12.27"]
[EventType "swiss"]
[EventRounds "9"]
[EventCountry "POL"]
[SourceTitle "CBM 182 Extra"]
[Source "ChessBase"]
[SourceDate "2018.02.23"]
[SourceVersion "1"]
[SourceVersionDate "2018.02.23"]
[SourceQuality "1"]

1. d4 Nf6 2. Bf4 b6 3. e3 g6 4. Nf3 Bg7 5. c4 0-0 6. Nc3 Bb7 7. h3 d6 8. Be2 Ne4 9. Qc2 Nxc3 10. Qxc3 c5 11. Qd2 cxd4 12. exd4 e5 13. Be3 e4 14. Nh2 f5 15. 0-0 Nc6 16. d5 Ne5 17. f4 Nd7 18. Bd4 Qe7 19. Rfd1 a5 1/2-1/2

[Event "Oberliga NRW 1617"]
[Site "Germany"]
[Date "2017.05.21"]
[Round "9.8"]
[White "Ludwig, Peter"]
[Black "Riekenbrauk, Joerg"]
[Result "1-0"]
[WhiteElo "2145"]
[BlackElo "1928"]
[PlyCount "71"]
[EventDate "2016.09.25"]
[EventType "team-tourn"]
[EventRounds "9"]
[EventCountry "GER"]
[SourceTitle "EXT 2020"]
[Source "ChessBase"]
[SourceDate "2019.10.17"]
[SourceVersion "1"]
[SourceVersionDate "2019.10.17"]
[SourceQuality "1"]
[WhiteTeam "Koeln SF"]
[BlackTeam "Dinslaken"]
[WhiteTeamCountry "GER"]
[BlackTeamCountry "GER"]

1. Nf3 f5 2. g3 Nf6 3. Bg2 g6 4. c4 Bg7 5. Nc3 0-0 6. 0-0 d6 7. Rb1 e5 8. d3 c6 9. b4 Na6 10. a4 Nc7 11. b5 c5 12. a5 Ne6 13. a6 Rb8 14. axb7 Bxb7 15. Qa4 Nd7 16. Bd2 Nb6 17. Qd1 e4 18. Ne1 exd3 19. exd3 Bxg2 20. Nxg2 d5 21. cxd5 Nxd5 22. Nxd5 Qxd5 23. Nf4 Nxf4 24. Bxf4 Rbd8 25. Qa4 Rd7 26. Rfe1 Kf7 27. Qa6 Bd4 28. Re2 Re8 29. Rxe8 Kxe8 30. Re1+ Kf7 31. Re2 h5 32. h4 c4 33. Qc8 cxd3 34. Qe8+ Kg7 35. Re6 Rf7 36. Bh6+ 1-0

[Event "Portoroz op 10th"]
[Site "Portoroz"]
[Date "2016.07.28"]
[Round "7"]
[White "Riekenbrauk, Joerg"]
[Black "Maksimovic, Masa"]
[Result "1-0"]
[WhiteElo "1939"]
[BlackElo "1854"]
[PlyCount "67"]
[EventDate "2016.07.23"]
[EventType "swiss"]
[EventRounds "9"]
[EventCountry "SLO"]
[SourceTitle "CBM 173 Extra"]
[Source "ChessBase"]
[SourceDate "2016.08.29"]
[SourceVersion "1"]
[SourceVersionDate "2016.08.29"]
[SourceQuality "1"]

1. e4 c5 2. d4 cxd4 3. c3 d3 4. Bxd3 Nc6 5. Nf3 d6 6. h3 g6 7. 0-0 Bg7 8. c4 Nf6 9. Nc3 0-0 10. Be3 b6 11. Rc1 Bb7 12. Qe2 Rc8 13. Rfd1 Nd7 14. b3 Nc5 15. Bb1 Qd7 16. Nd4 Ne6 17. Nxc6 Qxc6 18. Nd5 Rfe8 19. f4 Nc7 20. Qg4 Nxd5 21. cxd5 Qb5 22. Bd3 Qa5 23. Qd7 Ba6 24. b4 Qxa2 25. Rxc8 Rxc8 26. Bxa6 Rc3 27. Qe8+ Bf8 28. Bd4 Qxa6 29. Bxc3 Qe2 30. Re1 Qc4 31. Rc1 Qd3 32. Bb2 Qe3+ 33. Kh1 Qxf4 34. Qxf8+ 1-0

[Event "Portoroz op 10th"]
[Site "Portoroz"]
[Date "2016.07.24"]
[Round "2"]
[White "Kolesar, Milan"]
[Black "Riekenbrauk, Joerg"]
[Result "1-0"]
[WhiteElo "2187"]
[BlackElo "1939"]
[PlyCount "111"]
[EventDate "2016.07.23"]
[EventType "swiss"]
[EventRounds "9"]
[EventCountry "SLO"]
[SourceTitle "CBM 173 Extra"]
[Source "ChessBase"]
[SourceDate "2016.08.29"]
[SourceVersion "1"]
[SourceVersionDate "2016.08.29"]
[SourceQuality "1"]

1. Nf3 f5 2. d4 Nf6 3. g3 g6 4. Bg2 Bg7 5. 0-0 0-0 6. c4 d6 7. Nc3 Qe8 8. b3 e5 9. dxe5 dxe5 10. e4 Nc6 11. Nd5 Rf7 12. Ng5 Rd7 13. exf5 gxf5 14. Bb2 Nb4 15. Re1 Nfxd5 16. cxd5 Rd8 17. f4 h6 18. Bxe5 Qg6 19. Bxg7 Qxg7 20. Nh3 Qf7 21. Re5 Nc6 22. Re2 Ne7 23. Rd2 Rd6 24. Rc1 c6 25. dxc6 Rxd2 26. Qxd2 Nxc6 27. Qd6 Be6 28. Re1 Nd8 29. Nf2 Rc8 30. Nd3 Qc7 31. Rxe6 Nxe6 32. Qxe6+ Kg7 33. Qe5+ Qxe5 34. Nxe5 b5 35. Bc6 b4 36. Kf2 Rd8 37. Ke2 Rd6 38. Bb5 h5 39. Nc6 a5 40. Ne5 h4 41. Bd3 hxg3 42. hxg3 Rh6 43. Kf3 Rh2 44. Be2 Rh1 45. Nc6 Ra1 46. Nxa5 Rxa2 47. Nc6 Rc2 48. Nd4 Rc3+ 49. Kf2 Kf6 50. Bc4 Rc1 51. Ne2 Rd1 52. Ke3 Kg6 53. Bd3 Kf6 54. Kd4 Rd2 55. Kc4 Kf7 56. Nd4 1-0

[Event "Latschach op 29th"]
[Site "Latschach"]
[Date "2013.08.13"]
[Round "5"]
[White "Kersic, Matej"]
[Black "Riekenbrauk, Joerg"]
[Result "1-0"]
[WhiteElo "2183"]
[BlackElo "1955"]
[PlyCount "67"]
[EventDate "2013.08.10"]
[EventType "swiss"]
[EventRounds "9"]
[EventCountry "AUT"]
[SourceTitle "CBM 155 Extra"]
[Source "ChessBase"]
[SourceDate "2013.08.26"]
[SourceVersion "1"]
[SourceVersionDate "2013.08.26"]
[SourceQuality "1"]

1. e4 Nf6 2. e5 Nd5 3. d4 d6 4. c4 Nb6 5. exd6 exd6 6. Nc3 Nc6 7. b3 Be7 8. Be3 0-0 9. Nf3 Bg4 10. Be2 Bf6 11. 0-0 Re8 12. Rc1 Ne7 13. h3 Bf5 14. d5 Bg6 15. Nd4 Bxd4 16. Bxd4 Nf5 17. Bg4 Nxd4 18. Qxd4 Nd7 19. Bxd7 Qxd7 20. Rfe1 b6 21. Qd2 a6 22. Rxe8+ Rxe8 23. Re1 Kf8 24. f3 Rxe1+ 25. Qxe1 Qe7 26. Qxe7+ Kxe7 27. Kf2 Bd3 28. h4 b5 29. cxb5 axb5 30. a4 bxa4 31. bxa4 Kd7 32. Na2 Kc8 33. Nb4 Kb7 34. Nxd3 1-0

[Event "Milan Crespi op-B 30th"]
[Site "Milan"]
[Date "2009.12.05"]
[Round "2"]
[White "Formento, Paolo"]
[Black "Riekenbrauk, Joerg"]
[Result "1-0"]
[WhiteElo "1779"]
[BlackElo "1941"]
[PlyCount "69"]
[EventDate "2009.12.04"]
[EventType "swiss"]
[EventRounds "7"]
[EventCountry "ITA"]
[SourceTitle "EXT 2012"]
[Source "ChessBase"]
[SourceDate "2011.11.24"]
[SourceVersion "1"]
[SourceVersionDate "2011.11.24"]
[SourceQuality "1"]

1. e4 d5 2. exd5 Nf6 3. d4 Bg4 4. Be2 Bxe2 5. Qxe2 Qxd5 6. Nf3 Nc6 7. c4 Qe4 8. Nc3 Qxe2+ 9. Kxe2 e6 10. Rd1 0-0-0 11. Bf4 Bd6 12. Bxd6 cxd6 13. Rac1 Rd7 14. Kf1 h6 15. a3 g5 16. d5 Ne5 17. Nxe5 dxe5 18. d6 Rhd8 19. c5 Ne8 20. b4 Kb8 21. Rd3 a6 22. a4 f5 23. Rcd1 g4 24. Re3 e4 25. f3 b6 26. fxg4 bxc5 27. bxc5 Rc8 28. gxf5 Rxc5 29. fxe6 Rxd6 30. Rb1+ Ka7 31. Nxe4 Rxe6 32. Rb7+ Ka8 33. Nxc5 Rxe3 34. Rb6 Nc7 35. Nxa6 1-0